000 01058cam a2200289 a 4500
005 20260322212031.0
008 data
010 _a 2008279138
020 _a1400033535 (pbk.)
020 _a9781400033539
040 _aBTCTA
_cBTCTA
_dDLC
_dYDXCP
_dBKL
_dEGM
_dDLC
042 _alccopycat
050 0 0 _aML3830
_b.S13 2008
100 1 _aSacks, Oliver W.
245 1 0 _aMusicophilia :
_btales of music and the brain /
_cOliver W. Sacks.
250 _aRev. and expanded, 1st Vintage Books ed.
260 _aNew York :
_bVintage Books,
_c2008.
300 _a425 p. ;
_c21 cm.
504 _aIncludes bibliographical references (p.393-409) and index.
650 0 _aMusic
_xPsychological aspects.
650 0 _aMusic
_xPhysiological aspects.
906 _a7
_bcbc
_ccopycat
_d3
_encip
_f20
_gy-gencatlg
925 0 _aacquire
_b2 shelf copies
_xpolicy default
955 _evk05 2008-12-10 to BCCD
_tvl34 2011-02-18 c. 2 to Music Division
001 data
999 _c708
_d708